000 00585nam a2200193Ia 4500
003 IN-BaIIA
008 211028s9999 xx 000 0 eng d
040 _cIIA Library
080 _a524.3-5
_bCOX-1
100 _aCox, J. P.
_95758
245 0 _aPrinciples of stellar structure
_bvol. 1, physical principles
_cJ. P. Cox and Giuli R. T.
260 _aNew York
_bGordon and Breach Science
_c1968
300 _axx, 568p.
650 _aAstronomy and astrophysics thesaurus
650 _aStellar evolution
650 _aStellar structure
700 _aGiuli, R. T.
_95759
942 _cBK
999 _c3240
_d3240